Statistics for Countries With the Word “Or” in Their Names

Click here to take the quiz!

General Stats

  • This quiz has been taken 36 times
  • The average score is 12 of 15

Answer Stats

HintAnswer% Correct
EuropeNorway
93%
AsiaNorth Korea
90%
AfricaComoros
83%
AfricaMorocco
83%
EuropeNorth
Macedonia
83%
South AmericaEcuador
79%
North AmericaEl Salvador
79%
AsiaGeorgia
79%
AsiaJordan
79%
EuropePortugal
79%
EuropeAndorra
76%
AsiaEast Timor
72%
AsiaSingapore
66%
AsiaSouth Korea
66%
AfricaEquatorial
Guinea
48%

Score Distribution

Percentile by Number Answered

Percent of People with Each Score

Your Score History

You have not taken this quiz